00979nam a22003017a 45000010005000000030009000050050017000140070005000310080048000360200015000840400022000990920021001211000017001422400034001592450120001932500012003132600043003253000025003684900018003937000030004117000026004418300018004679420012004859450029004979520104005269560032006309990015006620074DO-SdBNP20180119091712.00074151015b sp 1986 xxu||||| |||| 00| 0 spa d a842610911X aBPMSUbspacBPMSU axxxxxxxbxxxxxxx14aBlyton, Enid10aFive on a secret trail /leng aLos cinco tras el pasadizo secreto /cEnid Blyton ; traducción Antonio de Quadras ; ilustración José Correas  a11a ed. aBarcelona, España :bJuventud,c1986 a157 p.bil.,c20 cm.0 aLos cincov3610aQuadras, Antonio de,etr.10aCorreas, José,eil. 0aLos cincon36 2ddccBK aInventariado, 2018 / YL 00102ddc4070aBPMETbBPMETd2015-10-15eDonaciónl0pBPMSU15100115r2015-10-15w2015-10-15yBK aBrenda Tavárezb10cBPMSU c8387d8387